O grande livro dos jogos (Registo nº 45)
[ vista simples ]
| 000 -Etiqueta do registo | |
|---|---|
| Cabeçalho | 01098cam a2200373 4500 |
| 005 - Identificador da versão | |
| Campo de controlo | 20240813121753.0 |
| 010 ## - Número internacional normalizado dos livros (ISBN) | |
| Número (ISBN) | 9727800017 |
| 021 ## - Número do Depósito Legal | |
| Código do país | PT |
| Número | 133904/99 |
| 035 ## - Other System Control Numbers | |
| System Control Number | 0000048 |
| System Control Number | 0000048 |
| System Control Number | 0000048 |
| System Control Number | 0000048 |
| 100 ## - Dados gerais de processamento | |
| Dados gerais de processamento | 20000529d1999 c y0pory5003 ba |
| 102 ## - Pais de publicação ou produção | |
| País de publicação | Portugal |
| 101 1# - Língua de publicação | |
| Língua do texto, banda sonora, etc. | Português |
| Língua do documento no original | Espanhol |
| 106 ## - Campo de dados codificados: material textual | |
| Dados codificados do material textual | r |
| 105 ## - Campo de dados codificados: livros | |
| Dados codificados dos livros | a z 001yy |
| 215 ## - Descrição física | |
| Indicação específica da natureza do documento e extensão da espécie | 192 p. a 2 colns |
| Outras indicações físicas | il. |
| Dimensões | 29 cm |
| 200 1# - Titulo e menção de responsabilidade | |
| Título próprio | O grande livro dos jogos |
| Primeira menção de responsabilidade | texto Josep M. Allué |
| Outras menções de responsabilidade | il. Lluís Filella, Gloria García |
| -- | trad. Ana Mafalda Tello |
| 205 ## - Menção da edição | |
| Menção da edição | 1ª ed |
| 210 ## - Publicação, Distribuição, etc. | |
| Lugar da edição, distribuição, etc. | Lisboa |
| Nome do editor, distribuidor, etc. | Âncora |
| Data da publicação, distribuição, etc. | 1999 |
| 304 ## - Notas relativas a título e menção de responsabilidade | |
| Texto da nota | Tít. orig.: El gran libro de los juegos |
| 606 ## - Nome comum usado como assunto | |
| Número de registo de entrada de autoridade | 0000136 |
| Palavra de ordem | Jogos para crianças |
| Subdivisão de assunto | [Manuais] |
| Código do sistema | SIPOR |
| 675 ## - Classificação Decimal Universal (CDU) | |
| Notação | 793.4(076) |
| Edição | BN |
| Língua da edição | por |
| Notação | 796-053.2(076) |
| Edição | BN |
| Língua da edição | por |
| 702 ## - Nome de autor-pessoa física (responsabilidade secundária) | |
| Número de registo de entrada de autoridade | 0000140 |
| Palavra de ordem | Filella |
| Outra parte do nome não tomada para palavra de ordem | Luís |
| Código de função | Ilustrador / Técnico de desenho computorizado |
| Número de registo de entrada de autoridade | 0000141 |
| Palavra de ordem | García |
| Outra parte do nome não tomada para palavra de ordem | Gloria |
| Código de função | Ilustrador / Técnico de desenho computorizado |
| Número de registo de entrada de autoridade | 0000142 |
| Palavra de ordem | Telo |
| Outra parte do nome não tomada para palavra de ordem | Ana Mafalda |
| Código de função | Tradutor |
| 700 ## - Nome de autor-pessoa física (responsabilidade principal) | |
| Número de registo de entrada de autoridade | 0000139 |
| Palavra de ordem | Allué |
| Outra parte do nome não tomada para palavra de ordem | Josep M. |
| 966 ## - Identificação da Biblioteca | |
| Sigla | NUMETECA |
| 942 ## - Elementos de entrada adicionados (Koha) | |
| Tipo de item no Koha | Livro |
| Situação do levantamento | Origin of item (home branch) (coded) | Biblioteca de empréstimo | Código de barras | Cota | Circulation type (not for loan) | Tipo de documento | Nota do exemplar | Damaged status |
|---|---|---|---|---|---|---|---|---|
| Biblioteca Escolar Eng. Nuno Mergulhão | Biblioteca Escolar Eng. Nuno Mergulhão | BENM88 | 7JOG ALL | Livro | Sem mensagem |
